000 00598nam a22001937a 4500
003 0
005 20231106135608.0
008 231106b xxu||||| |||| 00| 0 eng d
020 _a978-621-406-061-0
050 _aBF 637
_b.M34 2022
100 _aMagalona, Ethel D.,
245 _aPersonal development: theory and practice
_b
_cMagalona, Ethel D.,
250 _aRevised edition
260 _aManila
_bMindshapers Co., Inc.
_cc2022.
300 _aviii, 268 pages ;
_c23 cm.
504 _aIncludes bibliographical references.
650 _aPersonal development.
942 _2lcc
_cBK
999 _c365575
_d365575